00916nam a22002177a 45000010008000000030009000080050017000170070006000340080033000400200018000730400025000910820024001161000038001402450184001782600061003623000021004234900042004445340160004866500024006467000028006700010300DO-SdBPM20250110091231.010300160905b1990 sp |||| 00| 0 spa d a9788476582039 aDO-SdBPMbspacBPMSU 4a410bH919s 19902221 aHumboldt, Wilheim Vond1767-1835 10aSobre la diversidad de la estructura del lenguaje humano y su influencia sobre el desarrollo espiritual de la humanidad /cWilhelm Von Humboldt ; traducción y prólogo Ana Agud aBarcelona :bMinisterio de Educación y Ciencia,c1990. a435 p. ;c20 cm.0 aTextos y temas ;aLingüística,v1 pTítulo original. tÜber die verschiedenheit des menschlichen sprachbaues und ihren einfluss auf die geistige entwickelung des menschengeschlechts. a  4aLenguaje y lenguas.1 aAgud, Ana,etraductora